000
00200 a2200097 4500
001
51397
100
_a
Meriam J L
245
_a
Statics
260
_a
New York
_b
John Wiley
_c
090
_c
32587
_d
32587
942
_a
NUST-CAE
_c
M
_c
25099
999
_c
286470
_d
286470